| 000 | 00446nam a2200181 a 4500 | ||
|---|---|---|---|
| 001 | 30732 | ||
| 005 | 20180713234014.0 | ||
| 008 | 140415s2005 000 0 spa d | ||
| 020 | _a109701049217 | ||
| 041 | _aspa | ||
| 082 |
_a155 _bPAP |
||
| 100 | 1 | _aE. PAPALIA, DIANE | |
| 245 | 1 | 0 | _aDESARROLOLO HUMANO |
| 250 | _a9ª EDIACION | ||
| 260 |
_a[s.l.] : _bMC GRAW HILL, _c2005 |
||
| 300 |
_a779 _c22 x 5 x 27 |
||
| 520 | _aRP | ||
| 999 |
_c30732 _d30732 |
||